Vetranie a chladenie administratívnej budovy s využitím tepelného čerpadla

Enregistré dans:
Détails bibliographiques
Auteur principal: Maskalik, Michal (Auteur)
Autres auteurs: Hurtíková, Daniela (Directeur de thèse)
Format: Manuscrit Livre
Langue:slovaque
Publié: 2018
Sujets:
Accès en ligne:http://is.stuba.sk/zp/portal_zp.pl?podrobnosti=138163
https://opac.crzp.sk/?fn=detailBiblioForm&sid=752BE197E3AE405D458FF579404B
Tags: Ajouter un tag
Pas de tags, Soyez le premier à ajouter un tag!

MARC

LEADER 00000ntm a22000003a 4500
001 stuzp68717
003 SK-STU
005 20230626100859.2
007 ta
008 150427s2015----xo-----f-mn---000-0-slo-d
040 |a STU  |b slo 
041 0 |a slo 
100 1 |a Maskalik, Michal  |u 010290  |4 aut  |U SvF Stavebná fakulta  |T SvF Katedra technických zariadení budov  |X 56355  |U V290  |Y 31  |7 56355 
242 0 1 |a Ventilation and cooling of an office building using a heat pump  |y eng 
245 1 0 |a Vetranie a chladenie administratívnej budovy s využitím tepelného čerpadla 
260 |c 2018 
650 4 |a vetranie  |2 slo 
650 4 |a administratívna budova  |2 slo 
650 4 |a tepelné čerpadlo  |2 slo 
650 4 |a ventilation  |2 eng 
650 4 |a administrative building  |2 eng 
650 4 |a heat pump  |2 eng 
700 1 |a Hurtíková, Daniela  |u 010290  |k Z8  |4 ths  |U SvF Stavebná fakulta  |T SvF Katedra technických zariadení budov  |X 23437  |U V290  |Y 31  |7 A000023437 
856 4 |u http://is.stuba.sk/zp/portal_zp.pl?podrobnosti=138163 
856 4 |u https://opac.crzp.sk/?fn=detailBiblioForm&sid=752BE197E3AE405D458FF579404B